Catálogo

Vista normal Vista MARC

Entrada Personal Name

Número de registros utilizados en: 1

001 - CONTROL NUMBER

  • control field: 15982

003 - CONTROL NUMBER IDENTIFIER

  • control field: DLC

005 - DATE AND TIME OF LATEST TRANSACTION

  • control field: 20260408094048.0

008 - FIXED-LENGTH DATA ELEMENTS

  • fixed length control field: 800423n| azannaabn |b aaa

010 ## - LIBRARY OF CONGRESS CONTROL NUMBER

  • LC control number: n 50018375

035 ## - SYSTEM CONTROL NUMBER

  • System control number: (OCoLC)oca00053817

040 ## - CATALOGING SOURCE

  • Original cataloging agency: DLC
  • Language of cataloging: spa
  • Description conventions: rda
  • Transcribing agency: Mx-PuUPA
  • Modifying agency: DLC
  • Modifying agency: Uk
  • Modifying agency: OCoLC
  • Modifying agency: OrU
  • Modifying agency: DLC
  • Modifying agency: InU
  • Modifying agency: OkU
  • Modifying agency: StEdNL
  • Modifying agency: WU
  • Modifying agency: Mx-PuUPA

046 ## - SPECIAL CODED DATES

  • Birth date: 18960719
  • Death date: 19810106
  • Source of date scheme: edtf

053 #0 - LC CLASSIFICATION NUMBER

  • Classification number element--single number or beginning number of span: PR6005.R68

100 1# - HEADING--PERSONAL NAME

  • Personal name: Cronin, A. J.,
  • Fuller form of name: (Archibald Joseph),
  • Dates associated with a name: 1896-1981

370 ## - ASSOCIATED PLACE

  • Place of birth: Cardross (Escocia)
  • Place of death: Montreux (Suiza)
  • Associated country: Gran Bretaña
  • Source of term: naf

372 ## - FIELD OF ACTIVITY

  • Field of activity: Novela
  • Field of activity: Atención médica
  • Field of activity: Minas de carbón y minería--Aspectos de salud
  • Source of term: lcsh

374 ## - OCCUPATION

  • Occupation: Médico
  • Source of term: lcdgt

374 ## - OCCUPATION

  • Occupation: Novelista ingles
  • Source of term: lcsh

374 ## - OCCUPATION

  • Occupation: Autor
  • Source of term: lcsh

375 ## - GENDER

  • Gender: hombre

377 ## - ASSOCIATED LANGUAGE

  • Language code: eng

378 ## - FULLER FORM OF PERSONAL NAME

  • Fuller form of personal name: Archibald Joseph

400 1# - SEE FROM TRACING--PERSONAL NAME

  • Personal name: Kronin, A.
  • Fuller form of name: (Archibald),
  • Dates associated with a name: 1896-1981

400 1# - SEE FROM TRACING--PERSONAL NAME

  • Personal name: Cronin, Archibald Joseph,
  • Dates associated with a name: 1896-1981

400 1# - SEE FROM TRACING--PERSONAL NAME

  • Personal name: Kronin, Archibalʹd Dzhozef,
  • Dates associated with a name: 1896-1981

400 1# - SEE FROM TRACING--PERSONAL NAME

  • Personal name: Кронин, Арчибальд Джозеф,
  • Dates associated with a name: 1896-1981

400 1# - SEE FROM TRACING--PERSONAL NAME

  • Personal name: Kronins, A. Dž.,
  • Dates associated with a name: 1896-1981

400 1# - SEE FROM TRACING--PERSONAL NAME

  • Personal name: Kronin, A. Dzh.
  • Fuller form of name: (Archibalʹd Dzhozef),
  • Dates associated with a name: 1896-1981

400 1# - SEE FROM TRACING--PERSONAL NAME

  • Personal name: Кронин, А. Дж.
  • Fuller form of name: (Арчибальд Джозеф),
  • Dates associated with a name: 1896-1981

670 ## - SOURCE DATA FOUND

  • Source citation: Investigations in first-aid organization at collieries in Great Britain ...

670 ## - SOURCE DATA FOUND

  • Source citation: Cronin, c1985:
  • Information found: t.p. (A.J. Cronin) p. xii (d. Jan. 6, 1981)

670 ## - SOURCE DATA FOUND

  • Source citation: NUCMC files
  • Information found: (Cronin, A. J. (Archibald Joseph), 1896-1981)

670 ## - SOURCE DATA FOUND

  • Source citation: Zamok Broudi, 1957:
  • Information found: t.p. (А. Кронин = A. Kronin) colophon (Арчибальд Джозеф Кронин = Archibalʹd Dzhozef Kronin)

670 ## - SOURCE DATA FOUND

  • Source citation: Contemporary authors, volumes 1-4, first revision, 1967:
  • Information found: (A(rchibald) J(oseph) Cronin, b. July 19, 1896)

670 ## - SOURCE DATA FOUND

  • Source citation: Wikipedia, 28 February 2020
  • Information found: (A. J. Cronin (born Archibald Joseph Cronin) (19 July 1896-6 January 1981) was a Scottish physician and novelist; His best-known novel, The Citadel (1937); born Cardross, Dunbartonshire, Scotland; family moved to Yorkhill, Glasgow; awarded an MD by the University of Glasgow; practiced in a small village on the Clyde, Garelochhead, and in Tredegar, a mining town in South Wales and in Harley Street, London; in 1924 he was appointed Medical Inspector of Mines for Great Britain; died in Montreux, Switzerland)

670 ## - SOURCE DATA FOUND

  • Source citation: Citadele, 1957:
  • Information found: title page (A. Dž. Kronins) title page verso (А. Дж. Кронин = A. Dzh. Kronin)